000 00512nam a2200169Ia 4500
005 20250923144631.0
008 008 250917s9999 xx 000 0 eng d
037 _aTextual
040 _aDSWL
_beng
_cDSWL
041 _aeng
_2eng
084 _aX:976g, J0
_qDSWL
245 0 _aStewards and committeeman's pocket guide
260 _aMichigan
_bMichigan Education Department VAW-C10,28 West Warren Detroit 1
_c1950
300 _a66.xip.
942 _cTEXL
_hX:976g, J0
999 _c1441450
_d1441450